Statistiques concernant Départements par symboles d'éléments chimiques

Cliquez ici pour prendre le quiz!

Statistiques générales

  • Ce quiz a été pris 559 fois
  • Le résultat moyen est 16 sur 19

Statistiques - réponses

ElémentsDépartement% Correct
Aluminium-Lithium-ErbiumAllier
95%
Europium-RhéniumEure
93%
Or-BéryliumAube
91%
Iode-Sélénium-RhéniumIsère
91%
Carbone-Hydrogène-ErbiumCher
90%
Fluor-Iode-Nickel-Soufre-Tellure-RhéniumFinistère
90%
Oxygène-Iode-SéléniumOise
90%
Rhodium-Oxygène-NéonRhône
90%
Vanadium-ArgonVar
89%
Carbone-Rhénium-Uranium-SéléniumCreuse
88%
Vanadium-Or-Chlore-Uranium-SéléniumVaucluse
88%
Phosphore-Argon-Iode-SoufreParis
82%
Baryum-Soufre Rhodium-IndiumBas-Rhin
81%
Tantale-RadonTarn
81%
Vanadium-Osmium-Germanium-SoufreVosges
81%
Yttrium-Oxygène-Azote-NéonYonne
81%
Hydrogène-Or-Tellure-Soufre
Phosphore-Yttrium-Rhénium-Néon-Einsteinium
Hautes-Pyrénées
76%
Lanthane-Néodyme-EinsteiniumLandes
72%
Lanthane
Rhénium-Uranium-Nickel-Oxygène-Azote
La Réunion
65%

Distribution des résultats

Percentile par nombre de réponses

% des personnes avec chaque résultat

Votre développement - résultats

Vous n’avez pas pris ce quiz